[Event "20th HZ Open 2016"]
[Site "Vlissingen NED"]
[Date "2016.08.07"]
[Round "2.50"]
[White "Wagenvoorde, Guido"]
[Black "Saravanan, V."]
[Result "0-1"]
[BlackTitle "IM"]
[WhiteElo "1998"]
[BlackElo "2281"]
[WhiteFideId "1051083"]
[BlackFideId "5000580"]
[EventDate "2016.08.06"]

1. d4 Nf6 2. c4 g6 3. Nc3 Bg7 4. e4 d6 5. Be2 O-O 6. Bg5 Na6 7. Qd2 c6 8. h4 e5
9. d5 cxd5 10. cxd5 Nc5 11. f3 Bd7 12. b4 Na4 13. Nxa4 Bxa4 14. Bd3 Qd7 15. g4
Nxd5 16. exd5 e4 17. Rc1 exd3 18. Qxd3 f5 19. h5 Bb5 20. Qd2 Rae8+ 21. Kf2 fxg4
22. hxg6 hxg6 23. f4 Re4 24. Kg3 Rfe8 25. Qd1 Re3+ 26. Kg2 Qf5 27. Rh4 Qe4+ 28.
Kh2 g3+ 29. Kh3 Bd7+ 30. Rg4 Qh1# 0-1

[Event "20th HZ Open 2016"]
[Site "Vlissingen NED"]
[Date "2016.08.07"]
[Round "3.13"]
[White "Vedder, Richard"]
[Black "Debashis, Das"]
[Result "0-1"]
[WhiteTitle "FM"]
[BlackTitle "GM"]
[WhiteElo "2268"]
[BlackElo "2459"]
[WhiteFideId "1004166"]
[BlackFideId "5024854"]
[EventDate "2016.08.06"]

1. e4 c5 2. Nf3 d6 3. Nc3 Nf6 4. e5 dxe5 5. Nxe5 a6 6. g3 Qd6 7. Nc4 Qc6 8. f3
b5 9. Ne3 Bb7 10. Bg2 e6 11. O-O Be7 12. d3 O-O 13. f4 Qb6 14. f5 Bxg2 15. Kxg2
Nc6 16. g4 b4 17. Ne2 exf5 18. g5 Nd7 19. Nxf5 Rae8 20. Neg3 Nd4 21. c3 Qc6+ 22.
Ne4 Nxf5 23. Rxf5 g6 24. Qf3 Rc8 25. Rf4 Ne5 26. Qg3 Rfd8 27. Rh4 Qd5 28. Be3
Nxd3 29. c4 Qe5 30. Qxe5 Nxe5 31. b3 a5 32. a4 bxa3 33. Bf4 Nd3 34. Rxa3 h6 35.
Rxa5 Nxf4+ 36. Rxf4 hxg5 37. Rf2 Rd7 38. Rb5 Kg7 39. Nc3 Bd6 40. Rd2 Rh8 41. Kg1
f5 42. Rb6 Rhd8 43. h3 Be5 44. Rxd7+ Rxd7 45. Nd5 Ra7 46. Re6 Ra1+ 47. Kg2 Bd4
48. b4 Ra2+ 49. Kh1 cxb4 50. Nxb4 Ra1+ 51. Kg2 Rg1+ 52. Kh2 f4 53. Nc6 Rd1 54.
Kg2 Rd2+ 55. Kh1 Bf6 56. Kg1 Kf7 57. Re4 Rd6 58. Nb4 Rd1+ 59. Kg2 Be7 60. Nd5
Bc5 61. Kf3 Rd3+ 62. Kg2 f3+ 63. Kf1 f2 0-1

[Event "20th HZ Open 2016"]
[Site "Vlissingen NED"]
[Date "2016.08.07"]
[Round "3.14"]
[White "Wan, Yunguo"]
[Black "Brink, Barry"]
[Result "1/2-1/2"]
[WhiteTitle "GM"]
[BlackTitle "FM"]
[WhiteElo "2458"]
[BlackElo "2293"]
[WhiteFideId "8603189"]
[BlackFideId "1009451"]
[EventDate "2016.08.06"]

1. e4 c5 2. Nf3 e6 3. b3 a6 4. Bb2 Nc6 5. d4 cxd4 6. Nxd4 Qf6 7. c3 Bc5 8. Be2
Nge7 9. O-O O-O 10. b4 Bb6 11. b5 axb5 12. Nxb5 d5 13. Nd2 Rd8 14. Qc1 Qg6 15.
exd5 exd5 16. Nf3 h6 17. Re1 Ra4 18. Nbd4 Bg4 19. Bb5 Raa8 20. Qf4 Nxd4 21. Nxd4
Nc6 22. a4 Nxd4 23. cxd4 Be6 24. h4 Bd7 25. Re7 Bxb5 26. axb5 Rxa1+ 27. Bxa1 Rf8
28. Rxb7 Qb1+ 29. Kh2 Ba5 30. Rb8 Qxa1 31. Rxf8+ Kxf8 32. Qb8+ Ke7 33. Qe5+ Kf8
34. b6 Bxb6 35. Qb8+ Ke7 36. Qxb6 Qa8 37. Qc7+ Kf8 38. Qd6+ Kg8 39. Kg3 Qa5 40.
Kg4 Qb5 41. Qe5 Qd7+ 42. Qf5 Qc6 43. h5 Qd6 44. g3 Qc6 45. f3 Qd6 46. Kh3 Qc6
47. Qe5 Qc8+ 48. g4 Qc6 49. Kg3 Qd7 50. Kf2 Qc6 51. Qe7 Qb5 52. Qe5 Qb2+ 53. Kg3
Qb5 54. Qc7 Qe8 55. Kf4 Qe6 56. Qe5 Qd7 57. Kg3 Qb5 58. Qe3 Qb8+ 59. f4 Qb5 60.
g5 hxg5 61. fxg5 Qb8+ 62. Qe5 Qb3+ 63. Kf4 Qb5 64. Kg4 Qd7+ 65. Kh4 Qc6 66. Qe7
Qc4 67. Qe8+ Kh7 68. Qe5 Qc6 69. Kg4 Kg8 70. Kh4 Kh7 71. Qf5+ Kg8 72. Qe5 Kh7
73. Kg4 Kg8 74. Kg3 Qc3+ 75. Kh4 Qc6 76. Qe7 Qc4 77. Qe8+ Kh7 78. g6+ fxg6 79.
Qxg6+ Kh8 80. Qe8+ Kh7 81. Qe5 Qc6 82. Qf5+ Kh8 83. Kg4 Qd6 84. Qf7 Kh7 85. Kf5
Kh6 86. Kg4 Qc6 87. Qf4+ Kh7 88. Qf5+ Kh8 89. Qe5 Kh7 90. Kf5 Kh6 91. Qf4+ Kh7
92. Qg5 Qd6 93. Qh4 Kh6 94. Qg5+ Kh7 95. Qh4 Kh6 96. Qg5+ Kh7 97. Qg6+ Qxg6+ 98.
hxg6+ Kh6 99. Ke5 Kxg6 100. Kxd5 Kf7 101. Ke5 Ke7 102. Kf5 Kd6 103. Kg6 Kd5 104.
Kxg7 Kxd4 1/2-1/2

[Event "20th HZ Open 2016"]
[Site "Vlissingen NED"]
[Date "2016.08.07"]
[Round "3.15"]
[White "Rathnakaran, K."]
[Black "Kabos, Tobias"]
[Result "1-0"]
[WhiteTitle "IM"]
[BlackTitle "FM"]
[WhiteElo "2452"]
[BlackElo "2273"]
[WhiteFideId "5005507"]
[BlackFideId "1010182"]
[EventDate "2016.08.06"]

1. e4 d6 2. d4 Nf6 3. Nc3 c6 4. Nf3 Bg4 5. h3 Bxf3 6. Qxf3 e6 7. Bd3 d5 8. e5
Nfd7 9. Ne2 c5 10. c3 cxd4 11. cxd4 Bb4+ 12. Nc3 Nc6 13. Qg4 Qb6 14. a3 Bf8 15.
Ne2 h5 16. Qh4 Be7 17. Qf4 g5 18. Qe3 O-O-O 19. b4 Kb8 20. Bd2 f5 21. Bc2 Rc8
22. Ba4 Qd8 23. Qb3 h4 24. Rc1 Qb6 25. O-O Rhd8 26. Bxc6 bxc6 27. Qf3 Qa6 28. a4
Nb6 29. Ra1 Nc4 30. Qd3 Qb7 31. Rfb1 Rg8 32. b5 c5 33. a5 g4 34. dxc5 gxh3 35.
c6 Rxg2+ 36. Kh1 Qc7 37. b6 Qxc6 38. Nd4 Qd7 39. bxa7+ Kxa7 40. a6 Ka8 41. Qb3
Rcg8 42. Qb7+ Qxb7 43. axb7+ Kb8 44. Ra8+ Kc7 45. b8=Q+ Rxb8 46. Raxb8 Nxd2 47.
R1b7# 1-0

[Event "20th HZ Open 2016"]
[Site "Vlissingen NED"]
[Date "2016.08.07"]
[Round "3.16"]
[White "Zelbel, Patrick"]
[Black "Muehlenhaus, Sven"]
[Result "1-0"]
[WhiteTitle "IM"]
[BlackTitle "FM"]
[WhiteElo "2445"]
[BlackElo "2262"]
[WhiteFideId "24624322"]
[BlackFideId "4671546"]
[EventDate "2016.08.06"]

1. e4 c5 2. c3 d5 3. exd5 Qxd5 4. Nf3 Nf6 5. Na3 Bg4 6. Be2 Nc6 7. d3 e6 8. Nc4
Bh5 9. Qb3 b6 10. Qa4 Rc8 11. Nce5 Bxf3 12. Nxf3 Be7 13. Be3 O-O 14. Rd1 Rfd8
15. O-O Qd7 16. Qb3 Nd5 17. Bc1 Bf6 18. Rfe1 h6 19. Bf1 Nde7 20. Nd2 Nf5 21. a4
Qc7 22. Nc4 Nh4 23. Re4 Rd5 24. Bf4 Qd8 25. Kh1 Ng6 26. Bc1 Nge5 27. Nxe5 Nxe5
28. Qc2 Ng6 29. Rde1 Rc7 30. f4 Rcd7 31. Be3 Qc7 32. g3 Qb7 33. Bg2 Qa6 34. Bf1
Qb7 35. Qg2 Kh7 36. Bg1 Kg8 37. Be2 Qc7 38. Re3 Qb7 39. Bf3 Qa6 40. Bxd5 Rxd5
41. Qe4 1-0

[Event "20th HZ Open 2016"]
[Site "Vlissingen NED"]
[Date "2016.08.07"]
[Round "3.17"]
[White "Docx, Stefan"]
[Black "Lanchava, Tea"]
[Result "1-0"]
[WhiteTitle "IM"]
[BlackTitle "IM"]
[WhiteElo "2420"]
[BlackElo "2259"]
[WhiteFideId "200778"]
[BlackFideId "1005308"]
[EventDate "2016.08.06"]

1. e4 g6 2. d4 Bg7 3. Nf3 d6 4. Bc4 Nf6 5. Qe2 O-O 6. O-O e6 7. Bb3 h6 8. Re1 b6
9. Nbd2 Bb7 10. c3 Nbd7 11. a4 a6 12. Bc2 e5 13. dxe5 dxe5 14. Nf1 Qe7 15. Ng3
Rfd8 16. a5 b5 17. h4 c5 18. Nh2 h5 19. Bg5 c4 20. b4 cxb3 21. Bxb3 Nc5 22. Ba2
Na4 23. Qf3 Rd6 24. c4 Rad8 25. cxb5 axb5 26. Qb3 Bc6 27. Qb4 Qe8 28. Nf3 Rd3
29. Rec1 Bf8 30. Qe1 R8d6 31. a6 Ng4 32. a7 b4 33. Qxb4 Rd1+ 34. Nf1 Bb5 35. Qb3
Rxc1 36. Rxc1 Ra6 37. Rc8 Rxa7 38. Rxe8 Bxe8 39. Qb8 1-0

[Event "20th HZ Open 2016"]
[Site "Vlissingen NED"]
[Date "2016.08.07"]
[Round "3.18"]
[White "Sukandar, Irine Kharisma"]
[Black "Vos, Tjark"]
[Result "1-0"]
[WhiteTitle "IM"]
[WhiteElo "2418"]
[BlackElo "2223"]
[WhiteFideId "7101937"]
[BlackFideId "1020870"]
[EventDate "2016.08.06"]

1. e4 c5 2. Nf3 d6 3. Bb5+ Bd7 4. Bxd7+ Qxd7 5. O-O Nc6 6. d4 cxd4 7. Nxd4 Nf6
8. Re1 g6 9. Nxc6 Qxc6 10. Nc3 Bg7 11. Bg5 Rc8 12. Nd5 Qxc2 13. Rc1 Qxd1 14.
Rxc8+ Kd7 15. Rc7+ Kd8 16. Rxd1 Nxd5 17. Rxb7 Kc8 18. Rxa7 Kb8 19. Ra4 Nf6 20.
Rd3 Rc8 21. Rb3+ Kc7 22. Rc4+ Kd8 23. Rxc8+ Kxc8 24. Bxf6 Bxf6 25. a4 1-0

[Event "20th HZ Open 2016"]
[Site "Vlissingen NED"]
[Date "2016.08.07"]
[Round "3.19"]
[White "Yuan, Ye"]
[Black "Eisenbeiser, Amadeus"]
[Result "1-0"]
[BlackTitle "IM"]
[WhiteElo "2166"]
[BlackElo "2416"]
[WhiteFideId "8608415"]
[BlackFideId "4678338"]
[EventDate "2016.08.06"]

1. d4 d6 2. Nf3 g6 3. e4 Bg7 4. h3 a6 5. a4 e6 6. Bg5 Ne7 7. Nc3 h6 8. Be3 Nd7
9. Bc4 b6 10. O-O O-O 11. Qd2 Kh7 12. Nh2 Nf6 13. Bd3 Bb7 14. f4 c5 15. f5 cxd4
16. fxg6+ fxg6 17. Bxd4 Nc6 18. Be3 Qc7 19. Nf3 Nd7 20. Rad1 Nde5 21. Be2 Nxf3+
22. Bxf3 Ne5 23. Be2 Rxf1+ 24. Bxf1 Rd8 25. Qf2 Rf8 26. Bxb6 Rxf2 27. Bxc7 Rxc2
28. Rxd6 Rxb2 29. Rxe6 Nc6 30. Nd5 Nb4 31. Re7 Nxd5 32. exd5 Kg8 33. Rxg7+ 1-0

[Event "20th HZ Open 2016"]
[Site "Vlissingen NED"]
[Date "2016.08.07"]
[Round "3.20"]
[White "Koop, Thorben"]
[Black "Sekandar, Kambiz"]
[Result "1-0"]
[WhiteTitle "IM"]
[WhiteElo "2412"]
[BlackElo "2129"]
[WhiteFideId "24661619"]
[BlackFideId "11700939"]
[EventDate "2016.08.06"]

1. Nf3 Nf6 2. g3 d5 3. Bg2 e6 4. O-O Be7 5. c4 O-O 6. d4 dxc4 7. Ne5 Nc6 8. Bxc6
bxc6 9. Nxc6 Qe8 10. Nxe7+ Qxe7 11. Na3 Rd8 12. Qc2 c5 13. dxc5 Qxc5 14. Be3 Qh5
15. f3 Bb7 16. Nxc4 Rac8 17. Rad1 Rxd1 18. Rxd1 h6 19. Rd4 g5 20. Qd3 Bd5 21.
Bd2 g4 22. f4 Qf5 23. Qxf5 exf5 24. Nd6 Rc2 25. Nxf5 Bxa2 26. Bc3 Be6 27. Rd8+
Kh7 28. Ne7 1-0

[Event "20th HZ Open 2016"]
[Site "Vlissingen NED"]
[Date "2016.08.07"]
[Round "3.21"]
[White "Boulahfa, Hicham"]
[Black "Nitin, S."]
[Result "0-1"]
[BlackTitle "IM"]
[WhiteElo "2084"]
[BlackElo "2398"]
[WhiteFideId "1024663"]
[BlackFideId "5018277"]
[EventDate "2016.08.06"]

1. e4 c5 2. Nc3 a6 3. Nf3 d6 4. d4 cxd4 5. Nxd4 Nf6 6. Be2 e5 7. Nb3 Be7 8. Bg5
O-O 9. Bxf6 Bxf6 10. Qd3 Be6 11. O-O-O Be7 12. Nd2 Nc6 13. Kb1 Rc8 14. Nf1 Nb4
15. Qd2 Rxc3 16. bxc3 Nc6 17. c4 Qb6+ 18. Ka1 Qxf2 19. Qe3 Qh4 20. Ng3 Nd4 21.
Bd3 b5 22. c3 bxc4 23. cxd4 exd4 24. Qd2 Bg5 25. Qc2 cxd3 26. Qxd3 Re8 27. Nf5
Qf2 28. Qxa6 d3 29. Rhe1 Bxf5 30. Qxd6 Be6 31. Qa3 d2 0-1

[Event "20th HZ Open 2016"]
[Site "Vlissingen NED"]
[Date "2016.08.07"]
[Round "3.22"]
[White "Timmermans, Mark"]
[Black "Kalisvaart, Peter"]
[Result "1-0"]
[WhiteTitle "FM"]
[WhiteElo "2387"]
[BlackElo "2059"]
[WhiteFideId "1026399"]
[BlackFideId "1008820"]
[EventDate "2016.08.06"]

1. e4 e5 2. Nf3 Nc6 3. d4 exd4 4. Nxd4 Bc5 5. Nb3 Bb6 6. Nc3 a6 7. Qe2 d6 8. Be3
Bxe3 9. Qxe3 Nf6 10. O-O-O O-O 11. h3 Re8 12. g4 Be6 13. f4 Bxb3 14. cxb3 Qe7
15. Bg2 d5 16. g5 d4 17. gxf6 Qxf6 18. e5 Qg6 19. Qe4 dxc3 20. bxc3 Qh6 21. Kc2
Rad8 22. Qe3 Qe6 23. Be4 h6 24. Qf3 Rxd1 25. Rxd1 Rd8 26. Bd3 Kf8 27. Re1 Ne7
28. Rd1 c6 29. Bc4 Nd5 30. Rd4 b5 31. Bd3 Qe7 32. Be4 g5 33. Qh5 gxf4 34. Qxh6+ 1-0

[Event "20th HZ Open 2016"]
[Site "Vlissingen NED"]
[Date "2016.08.07"]
[Round "3.23"]
[White "Sparenberg, Erik"]
[Black "Leenhouts, Koen"]
[Result "0-1"]
[BlackTitle "IM"]
[WhiteElo "2147"]
[BlackElo "2491"]
[WhiteFideId "1013262"]
[BlackFideId "1008439"]
[EventDate "2016.08.06"]

1. e4 c5 2. Nf3 e6 3. d4 cxd4 4. Nxd4 Nc6 5. Nc3 Qc7 6. Be3 a6 7. Be2 Nf6 8. O-O
b5 9. Nxc6 dxc6 10. Bf3 Bd6 11. h3 O-O 12. Qe2 e5 13. Rfd1 Be6 14. Qe1 h6 15.
Ne2 Rfd8 16. Ng3 a5 17. Be2 Bb4 18. c3 Bf8 19. f3 Rxd1 20. Bxd1 a4 21. a3 Nd7
22. Qf2 Rb8 23. Be2 Be7 24. Nf1 c5 25. Nd2 c4 26. Rd1 Rf8 27. g4 Kh7 28. Nf1 g6
29. Ng3 Bh4 30. Qh2 f5 31. Bf2 f4 32. Nh1 Be7 33. Bf1 Nc5 34. Qg2 Rd8 35. Rxd8
Qxd8 36. Bxc5 Bxc5+ 37. Kh2 Qd1 38. h4 Qe1 39. Qh3 h5 0-1

[Event "20th HZ Open 2016"]
[Site "Vlissingen NED"]
[Date "2016.08.07"]
[Round "3.24"]
[White "Tikranian, Alik"]
[Black "Venkatesh, M.R."]
[Result "0-1"]
[BlackTitle "GM"]
[WhiteElo "2120"]
[BlackElo "2450"]
[WhiteFideId "1040952"]
[BlackFideId "5005779"]
[EventDate "2016.08.06"]

1. Nf3 Nf6 2. c4 g6 3. g3 Bg7 4. Bg2 O-O 5. O-O d6 6. Nc3 Nc6 7. a3 h6 8. b4 e5
9. b5 Na5 10. Qa4 c6 11. e4 Nd7 12. d3 Nc5 13. Qc2 Nab3 14. Rb1 Nxc1 15. Rfxc1
Bd7 16. bxc6 Bxc6 17. Nd2 b6 18. Re1 Rc8 19. Nf1 Ne6 20. Ne3 Qd7 21. Ned5 Kh7
22. Qd1 Rce8 23. a4 Nc5 24. Ra1 f5 25. a5 bxa5 26. Rxa5 Rb8 27. Ra2 Rb3 28. Rd2
Rf7 29. Bh3 Qd8 30. exf5 gxf5 31. d4 exd4 32. Ne2 Ba4 33. Qc1 d3 34. Nef4 Be5
35. Qd1 Rbb7 36. Qh5 Qg5 37. Qxg5 hxg5 38. Nxd3 Nxd3 39. Rxd3 Rb3 40. Rd2 Rb2
41. Rxb2 Bxb2 42. Re6 g4 43. Bf1 Be5 44. Bd3 Kg7 45. Re7 Bd7 46. Rxf7+ Kxf7 47.
Bc2 Bd4 48. Kg2 a5 49. Nf4 a4 50. h3 gxh3+ 51. Nxh3 a3 52. Bb3 Bc6+ 53. Kf1 Kf6
54. Ke2 Bc5 55. f4 Kg6 56. Nf2 Kh5 57. Ba2 Bxf2 58. Kxf2 Kg4 59. Bb3 Be4 60. Ba2
Kh3 61. Bb3 Bb1 0-1

[Event "20th HZ Open 2016"]
[Site "Vlissingen NED"]
[Date "2016.08.07"]
[Round "3.25"]
[White "Van der Zalm, Marnix"]
[Black "Mu, Ke"]
[Result "0-1"]
[WhiteElo "2075"]
[BlackElo "2419"]
[WhiteFideId "1004611"]
[BlackFideId "8602778"]
[EventDate "2016.08.06"]

1. d4 Nf6 2. c4 g6 3. Nc3 d5 4. cxd5 Nxd5 5. e4 Nxc3 6. bxc3 Bg7 7. Bb5+ c6 8.
Ba4 O-O 9. Ne2 Nd7 10. O-O c5 11. Be3 Qa5 12. Bb3 b6 13. e5 e6 14. f4 cxd4 15.
cxd4 Ba6 16. Bd2 Qb5 17. Rf2 Rfd8 18. Nc3 Qd3 19. d5 exd5 20. Nxd5 Nc5 21. Ne7+
Kh8 22. Bxf7 Rd7 23. Nxg6+ hxg6 24. Bxg6 Qxg6 25. f5 Qe8 26. f6 Ne6 27. fxg7+
Rxg7 28. Rf5 Rxg2+ 0-1

[Event "20th HZ Open 2016"]
[Site "Vlissingen NED"]
[Date "2016.08.07"]
[Round "3.26"]
[White "Ackermann, Frank"]
[Black "Kevlishvili, Robby"]
[Result "0-1"]
[BlackTitle "FM"]
[WhiteElo "2018"]
[BlackElo "2409"]
[WhiteFideId "4685121"]
[BlackFideId "1040634"]
[EventDate "2016.08.06"]

1. e4 c5 2. Nf3 d6 3. d4 cxd4 4. Nxd4 Nf6 5. Nc3 a6 6. Bg5 e6 7. f4 h6 8. Bh4
Qb6 9. a3 Nbd7 10. Bf2 Qc7 11. Bd3 Be7 12. Qe2 b5 13. O-O-O Bb7 14. Rhe1 Nc5 15.
g4 g6 16. h4 e5 17. g5 Nh5 18. Ndxb5 axb5 19. Bxb5+ Kf8 20. f5 hxg5 21. fxg6
fxg6 22. Qg4 Qc8 23. Qg1 Ne6 24. Be3 Kg7 25. Bxg5 Nxg5 26. hxg5 Nf4 27. Qb6 Rb8
28. Qg1 Qc7 29. Ba4 Ba6 30. Bb3 Qb6 31. Qg4 Bc8 0-1

[Event "20th HZ Open 2016"]
[Site "Vlissingen NED"]
[Date "2016.08.07"]
[Round "3.27"]
[White "Bosboom, Manuel"]
[Black "De Wolf, Johan"]
[Result "1-0"]
[WhiteTitle "IM"]
[WhiteElo "2400"]
[BlackElo "2102"]
[WhiteFideId "1000080"]
[BlackFideId "1004131"]
[EventDate "2016.08.06"]

1. c4 e5 2. b3 Nc6 3. Bb2 Nf6 4. a3 d5 5. cxd5 Nxd5 6. e3 Bd6 7. Qc2 O-O 8. Nf3
Kh8 9. h4 f5 10. Bc4 Nf6 11. h5 Qe8 12. h6 e4 13. hxg7+ Kxg7 14. Nh4 Be5 15. Nc3
Na5 16. f4 exf3 17. gxf3 Nxc4 18. bxc4 Qe6 19. f4 Bxf4 20. O-O-O Be5 21. Rdg1+ 1-0

[Event "20th HZ Open 2016"]
[Site "Vlissingen NED"]
[Date "2016.08.07"]
[Round "3.28"]
[White "Van Foreest, Lucas"]
[Black "Riksen, John"]
[Result "1-0"]
[WhiteElo "2393"]
[BlackElo "2082"]
[WhiteFideId "1039792"]
[BlackFideId "1052438"]
[EventDate "2016.08.06"]

1. e4 c5 2. Nf3 e6 3. d4 cxd4 4. Nxd4 a6 5. c4 Nc6 6. Nxc6 bxc6 7. Nc3 Qc7 8.
Bd3 Nf6 9. O-O h5 10. h3 Be7 11. Qe2 e5 12. Bc2 d6 13. Bg5 Be6 14. Rac1 Qb7 15.
Bb3 c5 16. Rfd1 Rd8 17. Qe3 Kf8 18. Rd2 Ne8 19. Rcd1 f6 20. Bh4 g5 21. Bg3 h4
22. Bh2 Rb8 23. Nd5 Bxd5 24. exd5 Qd7 25. Qc3 Rg8 26. f3 Bd8 27. Kh1 Ng7 28. Qc2
Qf5 29. Qe4 Qxe4 30. fxe4 Nh5 31. Ba4 Ke7 32. Rb1 Rb4 33. b3 Ba5 34. Rc2 Rgb8
35. Bb5 axb5 36. a3 bxc4 37. axb4 Bxb4 38. bxc4 Ra8 39. Rcc1 Ra3 40. Ra1 Re3 41.
Ra7+ Ke8 42. Rca1 Re1+ 43. Rxe1 Bxe1 44. Rh7 Ng3+ 45. Bxg3 hxg3 46. Kg1 1-0

[Event "20th HZ Open 2016"]
[Site "Vlissingen NED"]
[Date "2016.08.07"]
[Round "3.29"]
[White "De Jong, Migchiel"]
[Black "Ijzermans, Cees"]
[Result "1-0"]
[WhiteTitle "IM"]
[WhiteElo "2342"]
[BlackElo "2081"]
[WhiteFideId "1002848"]
[BlackFideId "1027425"]
[EventDate "2016.08.06"]

1. e4 e5 2. Nf3 Nc6 3. Bb5 Bc5 4. c3 Nf6 5. d4 Bb6 6. O-O O-O 7. dxe5 Nxe4 8.
Qd5 Nc5 9. Bg5 Qe8 10. Re1 Qe6 11. Qd2 d5 12. exd6 Qxd6 13. Qxd6 cxd6 14. Nbd2
Bf5 15. Nc4 Nd3 16. Re2 Bc7 17. Ne3 Be4 18. Nd2 Bg6 19. Nd5 Bd8 20. Bxd8 Rfxd8
21. Bxd3 Bxd3 22. Re3 Bf5 23. Rae1 Kf8 24. Rf3 Bg4 25. Rf4 Ne5 26. Re3 Rac8 27.
Rb4 Be6 28. Nf4 Bxa2 29. b3 b5 30. Ne2 a5 31. Rxb5 a4 32. bxa4 Ra8 33. Rb4 Ra6
34. Nd4 Rda8 35. Nb5 Nc6 36. Rh4 Rxa4 37. Rxh7 f6 38. Rh8+ Bg8 39. h3 d5 40. Nc7
g5 41. Nxa8 Rxa8 42. Re6 Ne7 43. Rxf6+ Kg7 44. Rhh6 Rc8 45. Nf3 Rxc3 46. Rd6 Bf7
47. Ne5 Be8 48. Rhe6 1-0

[Event "20th HZ Open 2016"]
[Site "Vlissingen NED"]
[Date "2016.08.07"]
[Round "3.30"]
[White "Hamblok, Roel"]
[Black "Haak, Eelco"]
[Result "1/2-1/2"]
[WhiteTitle "FM"]
[WhiteElo "2308"]
[BlackElo "2072"]
[WhiteFideId "209317"]
[BlackFideId "1003844"]
[EventDate "2016.08.06"]

1. d4 Nf6 2. Nf3 g6 3. Bf4 Bg7 4. e3 d6 5. Be2 Nbd7 6. O-O Nh5 7. Bg5 h6 8. Bh4
g5 9. Nfd2 Nhf6 10. Bg3 Nf8 11. c4 Bf5 12. Nc3 Qd7 13. e4 Bg6 14. e5 N6h7 15.
Bf3 Rb8 16. exd6 cxd6 17. Nb3 Ne6 18. d5 Nf4 19. Bxf4 gxf4 20. Re1 Ng5 21. Bg4
Bf5 22. Bxf5 Qxf5 23. Nb5 Be5 24. N3d4 Qf6 25. Nf3 Rg8 26. Nxa7 Bxb2 27. Rb1 Bc3
28. Nc6 Bxe1 29. Nxb8 Bxf2+ 30. Kxf2 Ne4+ 31. Kf1 Nc3 32. Qb3 Qg6 33. Rb2 Qd3+
34. Ke1 Qe3+ 35. Kf1 Qd3+ 36. Ke1 Qe3+ 37. Kf1 Qd3+ 38. Ke1 1/2-1/2

[Event "20th HZ Open 2016"]
[Site "Vlissingen NED"]
[Date "2016.08.07"]
[Round "3.31"]
[White "Berghuis, Marten"]
[Black "Amdouni, Zoubaier"]
[Result "1-0"]
[BlackTitle "FM"]
[WhiteElo "2007"]
[BlackElo "2306"]
[WhiteFideId "1040103"]
[BlackFideId "5500419"]
[EventDate "2016.08.06"]

1. e4 c5 2. Nf3 e6 3. d4 cxd4 4. Nxd4 Nc6 5. c4 Nf6 6. Nc3 Bb4 7. Nxc6 bxc6 8.
Bd3 e5 9. O-O d6 10. Qa4 Bc5 11. Qxc6+ Bd7 12. Qa6 Ng4 13. h3 h5 14. Nd5 Qh4 15.
Be3 Nxe3 16. fxe3 Rb8 17. b4 Bb6 18. c5 dxc5 19. Bb5 Qd8 20. Rad1 Bxb5 21. Qxb5+
Kf8 22. bxc5 a6 23. Qc4 Ba7 24. Nb6 1-0

[Event "20th HZ Open 2016"]
[Site "Vlissingen NED"]
[Date "2016.08.07"]
[Round "3.32"]
[White "Galle, Andre"]
[Black "Reinhardt, Bernd"]
[Result "1/2-1/2"]
[WhiteElo "1993"]
[BlackElo "2246"]
[WhiteFideId "201600"]
[BlackFideId "4606043"]
[EventDate "2016.08.06"]

1. d4 Nf6 2. c4 d6 3. Nc3 Nbd7 4. e4 e5 5. Nf3 Be7 6. Be2 O-O 7. O-O a5 8. Re1
exd4 9. Nxd4 Nc5 10. f3 c6 11. Be3 Re8 12. Qd2 Bf8 13. Rad1 a4 14. Nxc6 Ncxe4
15. Nxd8 Nxd2 16. Bxd2 Rxd8 17. Nd5 Nxd5 1/2-1/2

[Event "20th HZ Open 2016"]
[Site "Vlissingen NED"]
[Date "2016.08.07"]
[Round "3.33"]
[White "Praveen, Kumar C"]
[Black "Arp, Frans"]
[Result "1-0"]
[WhiteTitle "IM"]
[WhiteElo "2242"]
[BlackElo "2021"]
[WhiteFideId "5007372"]
[BlackFideId "1005987"]
[EventDate "2016.08.06"]

1. d4 Nf6 2. c4 g6 3. Nc3 Bg7 4. e4 d6 5. Nf3 O-O 6. Be2 e5 7. O-O Nc6 8. d5 Ne7
9. b4 Nd7 10. Ba3 b6 11. Re1 h6 12. Nd2 f5 13. Bf3 a5 14. c5 axb4 15. cxd6 Rxa3
16. dxe7 Qxe7 17. Nb5 Rxf3 18. Qxf3 Nc5 19. Qg3 Ba6 20. Na7 Qd6 21. Nc6 Nd3 22.
Red1 Nf4 23. Qe3 Ne2+ 24. Kh1 Nc3 25. Re1 f4 26. Qf3 Bb5 27. Na7 Bd7 28. Nb1 Ra8
29. Nxc3 Rxa7 30. Nb1 Bf8 31. Nd2 Qf6 32. Nc4 Bc5 33. Qe2 h5 34. Rac1 Bd4 35.
Red1 Bb5 36. f3 Ra3 37. Qe1 Bc3 38. Nxa3 Bxe1 39. Nxb5 Bc3 40. Nxc3 bxc3 41.
Rxc3 Qd6 42. Rdc1 h4 43. h3 Kh7 44. Rxc7+ Kh6 45. R7c6 Qa3 46. Rb1 Qxa2 47.
Rbxb6 Kh5 48. Rc1 Qd2 49. Rbb1 g5 50. Rd1 Qa5 51. d6 1-0

[Event "20th HZ Open 2016"]
[Site "Vlissingen NED"]
[Date "2016.08.07"]
[Round "3.34"]
[White "Afek, Yochanan"]
[Black "Gogollok, Carsten"]
[Result "1-0"]
[WhiteTitle "IM"]
[WhiteElo "2237"]
[BlackElo "2006"]
[WhiteFideId "2800462"]
[BlackFideId "24621277"]
[EventDate "2016.08.06"]

1. e4 c5 2. Nf3 d6 3. d4 cxd4 4. Nxd4 Nf6 5. Nc3 g6 6. Be2 Bg7 7. O-O Nc6 8. Nb3
O-O 9. Bg5 Be6 10. Kh1 h6 11. Bh4 d5 12. Bxf6 Bxf6 13. exd5 Bxc3 14. dxe6 Bxb2
15. exf7+ Kh7 16. Rb1 Qxd1 17. Rfxd1 Ba3 18. Bc4 Ne5 19. Bd5 Rac8 20. Nd4 b6 21.
Be6 Rb8 22. f4 Nxf7 23. Nc6 Ra8 24. Bd5 Nd6 25. g3 Nf5 26. Be4 Bd6 27. Re1 Rfe8
28. Rbd1 Rac8 29. Nxa7 Rc7 30. Nb5 Rc5 31. Bxf5 Bxf4 32. Bd7 1-0

[Event "20th HZ Open 2016"]
[Site "Vlissingen NED"]
[Date "2016.08.07"]
[Round "3.35"]
[White "Lacrosse, Marc"]
[Black "De Kraker, Johnny"]
[Result "1-0"]
[WhiteTitle "FM"]
[WhiteElo "2225"]
[BlackElo "1994"]
[WhiteFideId "200921"]
[BlackFideId "1028782"]
[EventDate "2016.08.06"]

1. d4 Nf6 2. c4 g6 3. Nc3 Bg7 4. e4 d6 5. Nf3 O-O 6. Be2 e5 7. Be3 exd4 8. Nxd4
Re8 9. f3 Nc6 10. O-O Nh5 11. Nxc6 bxc6 12. g4 Be5 13. Rf2 Nf4 14. Bf1 c5 15.
Qd2 Qf6 16. Bxf4 Qxf4 17. Qxf4 Bxf4 18. Nd5 Be5 19. Nxc7 Re7 20. Nxa8 Bd4 21.
Rd1 Bb7 22. Bh3 g5 23. Rxd4 cxd4 24. Rd2 Bxa8 25. Rxd4 Re6 26. c5 Kf8 27. cxd6
Ke8 28. Bf1 Bc6 29. Bc4 Rf6 30. Kf2 h5 31. gxh5 g4 32. Be2 gxf3 33. Bxf3 Kd7 34.
Kg3 Rxd6 35. Rxd6+ Kxd6 36. e5+ 1-0